| 000 | 01543nam a2200289 4500 | ||
|---|---|---|---|
| 003 | EG-NbEJU | ||
| 005 | 20260315085738.0 | ||
| 008 | 260315s2018 ||| |||g |||| 00| 0 eng d | ||
| 017 | _a2018/17673 | ||
| 020 |
_a9789770288061 _qPaperback |
||
| 040 |
_aEG-NbEJU _beng _cEG-NbEJU |
||
| 041 | _aeng | ||
| 050 |
_aB753.G3 _b T3 2018 |
||
| 100 | _a الغزالي، ابو حامد محمد بن محمد | ||
| 245 |
_aتهافت الفلاسفة للإمام الغزالي/ _c ابو حامد الغزالي محمد بن محمد; سليمان دنيا |
||
| 250 | _aالطبعة الحادية عشر | ||
| 260 |
_aالقاهرة: _bدار المعارف، _c2018. |
||
| 300 |
_aصفحة 371; _cسم 24. |
||
| 490 |
_aذخائر العرب _v15 |
||
| 500 | _aكتاب في نقد الفلسفة اليونانية وبعض آراء الفلاسفة المسلمين | ||
| 520 | _aيعد هذا الكتاب من أهم مؤلفات الغزالي في نقد الفلسفة، حيث يناقش فيه آراء الفلاسفة المسلمين المتأثرين بالفلسفة اليونانية مثل ابن سينا والفارابي، ويعرض حججه الكلامية والفلسفية للرد على بعض قضايا الميتافيزيقا مثل قدم العالم وعلم الله بالجزئيات. | ||
| 650 | _aالفلاسفة المسلمين | ||
| 650 | _2الفلسفة الاسلامية | ||
| 700 |
_aدنيا، سليمان _eمحقق و مقدم |
||
| 901 | _aRowan | ||
| 942 |
_2lcc _n0 _cBK |
||
| 999 |
_c7802 _d7802 |
||